Lataa...

Katha-77

Bibliografiset tiedot
Muut tekijät: Kathasamithy, Muvattupuzha (Kokoaja)
Aineistotyyppi: Printed Book
Kieli:Malayalam
Julkaistu: 1979.
Aiheet:
LEADER 00517nam a2200145Ia 4500
008 150624b xxu||||| |||| 00| j mal d
082 |a 855.08 
245 |c Compiled by Muvattupuzha Kathasamithy  |a Katha-77 
260 |c 1979. 
546 |a In Malayalam. 
650 |v Short stories 
700 |a Kathasamithy, Muvattupuzha  |e compiler. 
942 |c BK 
999 |c 103183  |d 103183 
952 |0 0  |1 0  |4 0  |6 855_080000000000000_KAT_K_M  |7 0  |9 104575  |a UL  |b UL  |c ST2  |d 2014-06-03  |l 0  |o 855.08 KAT/K M  |p 46938  |r 2014-06-03  |w 2014-06-03  |y BK  |z Secondary Collection